000 00764nam a2200241Ia 4500
001 29
003 GE_BSU
008 181216s||||||||xx |||||||||||||| ||und||
020 _a9789941120107
040 _cGE_BSU
080 _a31:33(075.8)
100 _aკბილაძე, დ.; აბესაძე, ნ.; მეტრეველი, შ.
245 _aეკონომიკური სტატისტიკა
260 _aთბილისი
260 _bუნივერსალი
260 _c2007
300 _a389 გვ.
541 _h15 ლ.
653 _aეკონომიკა
653 _aეკონომიკური სტატისტიკა
653 _aსტატისტიკა
942 _cBK
999 _c34396
_d34396